| 000 | 00883nam a2200229 i 4500 | ||
|---|---|---|---|
| 001 | bg | ||
| 100 | 1 |
_aBRODECKI, Zdzisław _d(1941- ) |
|
| 245 | 1 | 0 |
_aUkład Europejski z komentarzem / _cZdzisław Brodecki, Ewa Gromnicka. |
| 260 |
_aWarszawa : _bWydaw. Prawnicze "LexisNexis", _c2002. |
||
| 300 |
_a168, [4] s. ; _c24 cm. |
||
| 500 | _aUkład Europejski ustanawiający stowarzyszenie między Rzecząpospolitą Polską, z jednej strony, a Wspólnotami Europejskimi i ich Państwami Członkowskimi, z drugiej strony. | ||
| 650 | 9 | _aUkład Europejski | |
| 700 | 1 | _aGROMNICKA, Ewa | |
| 020 | _a8373340947 | ||
| 040 | _cBPK | ||
| 041 | 0 | _apl | |
| 080 | _a341.24(4-67:438) | ||
| 920 | _a83-7334-094-7 | ||
| 942 | _cKS | ||
| 008 | s pl f |000 0 pol | ||
| 999 |
_c42591 _d42591 |
||
| 856 |
_uhttp://koha.tu.koszalin.pl/cgi-bin/koha/opac-detail.pl?biblionumber=42591 _yKatalog online BPK |
||